00561nam a2200181 a 4500020001800000082001600018100002600034245003300060260003900093300000900132500003500141505001000176650002600186700002600212942000700238952011700245999001700362 a8120800 00a149.94bKHU aKhubchandani, Lachman aLanguage in a Plural Society aDelhi bMotilal Banarsidass c1988 a158p aincludes index and biblioraphy2 aIndex aLingustics-Philosophy1 aKhubchandani, Lachman cBK 001040708StackRoom-aHMIbHMId2007-08-01g175.00l0o149.94 KHUp016951r2007-08-01v175.00w2005-05-24yBK c10231d10231